• 首页
  • 本馆介绍
  • 公告通知
  • 最新文献
  • 馆藏检索
  • 电子资源
  • 读者导购
  • 参考咨询
  • 我的图书馆
  • 登录
  • 详细信息显示
  • 放入我的书架
  • 预约/预借图书
  • 作者相关作品
  • 分类相关作品
  • 丛书相关作品
  • 出版社相关作品

书目信息

  • 表格格式
  • 工作单格式
  • 卡片格式
题名:
计算机录入与排版技术
    
 
作者: 周琼 , 姜东洋 , 王娟 主编
分册:  
出版信息: 上海   上海交通大学出版社  2017
页数: 190页
开本: 26cm
丛书名:
单 册:
中图分类: TP391.1 , TS803.23
科图分类:
主题词: 文字处理--wen zi chu li--高等学校--教材 , 计算机应用--ji suan ji ying yong--排版--高等学校--教材
电子资源:
ISBN: 978-7-313-15936-6
000 01100nam0 2200313 45
001 012001001413
005 20131108094657.0
010    @a978-7-313-15936-6@dCNY32.00
099    @aCAL 012017062089
100    @a20170223d2017 em y0chiy50 ea
101 0  @achi
102    @aCN@b310000
105    @aa a 000yy
106    @ar
200 1  @a计算机录入与排版技术@Aji suan ji lu ru yu pai ban ji shu@f主编周琼, 姜东洋, 王娟
210    @a上海@c上海交通大学出版社@d2017
215    @a190页@c图@d26cm
320    @a有书目 (第190页)
330    @a全书共分九个项目, 内容包括: 英文和符号录入、汉字录入基础、五笔字型输入法、文稿排版基础知识、日常公文排版、求职文档排版、销售文档排版、书稿文档排版等。
333    @a计算机精品教材
606 0  @a文字处理@Awen zi chu li@x高等学校@j教材
606 0  @a计算机应用@Aji suan ji ying yong@x排版@x高等学校@j教材
690    @aTP391.1@v5
690    @aTS803.23@v5
701  0 @a周琼@Azhou qiong@4主编
701  0 @a姜东洋@Ajiang dong yang@4主编
701  0 @a王娟@Awang juan@4主编
801  0 @aCN@b北京卓展@c20191020
905    @b1198260-3@dTP391.1@e1798@f4
    
    计算机录入与排版技术/主编周琼, 姜东洋, 王娟.-上海:上海交通大学出版社,2017
    190页:图;26cm
    使用对象:计算机精品教材
    
    ISBN 978-7-313-15936-6:CNY32.00
    全书共分九个项目, 内容包括: 英文和符号录入、汉字录入基础、五笔字型输入法、文稿排版基础知识、日常公文排版、求职文档排版、销售文档排版、书稿文档排版等。
●
相关链接 在E读中查询图书 在五车中查询图书 在当当中查询图书 在豆瓣中查询图书


正题名:计算机录入与排版技术     索取号:TP391.1/1798         预约/预借

序号 登录号 条形码 馆藏地/架位号 状态 备注
1 1198260   211982602   第二样本阅览室/ [索取号:TP391.1/1798] 在馆    
2 1198261   211982611   第三借阅区/ [索取号:TP391.1/1798] 在馆    
3 1198262   211982620   第三借阅区/ [索取号:TP391.1/1798] 在馆    
4 1198263   211982639   第三借阅区/ [索取号:TP391.1/1798] 在馆    
唐山师范学院图书馆 欢迎您!
大连网信软件有限公司© 版权所有